000 00814nam a2200253 a 4500
001 BD-DhSAU 1930
003 BD-DhSAU
005 20150122100844.0
008 860912s1986 enka b 001 0 eng
020 _a000383154X
020 _a0893972517 (jacket)
040 _aBD-DhSAU
082 0 0 _a519.2024624
_222
_bSMP
100 1 _aSmith, G. N.
_q(Geoffrey Nesbitt)
245 1 0 _aProbability and statistics in civil engineering :
_ban introduction /
_cG.N. Smith.
260 _aLondon :
_bCollins ;
_cc1986.
300 _aviii, 244 p. :
_bill. ;
_c24 cm.
504 _aIncludes Bibliographical references & index.
590 _aJerin
650 0 _aStructural engineering
_xStatistical methods.
650 0 _aSoil mechanics
_xStatistical methods.
650 0 _aProbabilities.
650 0 _aAgricultural engineering
942 _2ddc
_cBOOK
999 _c1930
_d1930